La satírico-manía (Record no. 153460)
[ view plain ]
| 000 -LEADER | |
|---|---|
| campo de control de longitud fija | 00584nam a22001575i 4500 |
| 001 - NÚMERO DE CONTROL | |
| campo de control | 153460 |
| 003 - IDENTIFICADOR DE NÚMERO DE CONTROL | |
| campo de control | ES-MaACL |
| 005 - FECHA Y HORA DE LA ÚLTIMA TRANSACCIÓN | |
| campo de control | 20230906205231.0 |
| 008 - DATOS DE LONGITUD FIJA--INFORMACIÓN GENERAL | |
| campo de control de longitud fija | 040809s1833 sp |||| | spa d |
| 040 ## - FUENTE DE CATALOGACIÓN | |
| Centro catalogador/agencia de origen | CAM |
| Lengua de catalogación | spa |
| Centro/agencia transcriptor | CAM |
| 100 1# - ENTRADA PRINCIPAL--NOMBRE DE PERSONA | |
| Nombre de persona | Diaz, Clemente. |
| 9 (RLIN) | 126789 |
| 245 13 - MENCIÓN DEL TÍTULO | |
| Título | La satírico-manía |
| Resto del título | : satira escrita en tercetos dirigida al Pobrecito Hablador / |
| Mención de responsabilidad, etc. | por Clemente Diaz. |
| 260 ## - PUBLICACIÓN, DISTRIBUCIÓN, ETC. | |
| Lugar de publicación, distribución, etc. | Madrid : |
| Nombre del editor, distribuidor, etc. | [s.n.], |
| Fecha de publicación, distribución, etc. | 1833 ( |
| Fabricante | Imprenta de M. de Burgos) |
| 300 ## - DESCRIPCIÓN FÍSICA | |
| Extensión | 13 p. ; |
| Dimensiones | 15 cm. |
| 852 ## - LOCALIZACIÓN | |
| Ubicación | ES-MaACL |
| Número de control de estantería | R-1941 |
| Nota libre | -- Enc. pasta española |
| -- | -- Enc. en un vol. facticio. Olim: D-4796 |
| Estatus retirado | Estado de pérdida | Estado de daño | No para préstamo | Colección | Biblioteca de origen | Biblioteca actual | Ubicación en estantería | Fecha de adquisición | Total de préstamos | Signatura topográfica completa | Código de barras | Visto por última vez | Precio de reemplazo | Tipo de ítem Koha |
|---|---|---|---|---|---|---|---|---|---|---|---|---|---|---|
| Libros del s. XIX | Biblioteca del Ateneo de Madrid | Biblioteca del Ateneo de Madrid | Depósito | 17/01/2008 | R-1941 | 1160385 | 23/02/2023 | 23/02/2023 | Libro impreso antiguo |
